00418nam a2200169 a 450000100060000000300090000600800410001502000150005604000280007108200100009910000210010924500250013026000310015530000130018649000260019965000230022513360CO-ViMGA141112s2004 ck r 000 u spa d a8448000617 aCO-ViMGAbspacCO-ViMGA04aDENca1 aDenou, Violeta, 10aTeo va de campamento aBarcelona : bCeac, c1999 a25 : ils aTeo descubre el mundo14aCUENTOS INFANTILES